000 00424nam a2200181Ia 4500
005 20230322111323.0
008 131103s9999 xx 000 0 und d
040 _aLoreto College
041 _aEnglish
082 _a822.91
_bEVE
100 _aEvelyn,John
245 _aWalpurgis night
_cJohn Evelyn
260 _aLondon
_bThe Favil Press
_c1961
300 _a54 p.
650 _aLCLIB
850 _aLCLIB
942 _cBK
999 _c4252
_d54731